[Event "POR LA PAZ EN EL MUNDO"]
[Site "SchemingMind.com"]
[Date "2015.11.21"]
[Round "-"]
[White "ray winteringham"]
[Black "Ramesh Panwar"]
[Result "0-1"]
[WhiteCountry "ENG"]
[BlackCountry "IND"]
[WhiteElo "1476"]
[WhiteRD "52"]
[BlackElo "2409"]
[BlackRD "63"]
[GameID "390663"]

1. e4 c5 2. Nf3 d6 3. d4 cxd4 4. Nxd4 Nf6 5. f3 e5 6. Nb3 Be6 7. Be2 d5 8. Bd2 dxe4 9. O-O exf3 10. Bxf3 e4
11. Bxe4 Nxe4 12. Qe2 Nxd2 13. N1xd2 Nc6 14. Qh5 Qb6+ 15. Kh1 Be7 16. Rae1 O-O 17. Ne4 Rfd8 18. Nbc5 Rd5 19. Qf3 Bxc5 20. Nxc5 Qxc5
21. Rxe6 fxe6 22. Qf7+ Kh8 23. Qxb7 Rf8 24. Rxf8+ Qxf8 25. h3 Rd1+ 26. Kh2 Qf4+ 27. g3 Qd2#
0-1

[Event "POR LA PAZ EN EL MUNDO"]
[Site "SchemingMind.com"]
[Date "2015.11.21"]
[Round "-"]
[White "Ramesh Panwar"]
[Black "ray winteringham"]
[Result "1-0"]
[WhiteCountry "IND"]
[BlackCountry "ENG"]
[WhiteElo "2402"]
[WhiteRD "59"]
[BlackElo "1473"]
[BlackRD "55"]
[GameID "390664"]

1. d4 d5 2. c4 c6 3. Nf3 e6 4. Nc3 Bb4 5. e3 Nf6 6. Bd3 O-O 7. O-O Bxc3 8. bxc3 h6 9. cxd5 cxd5 10. Ba3 Re8
11. Ne5 Nc6 12. f4 Qa5 13. Qb3 Nd7 14. c4 Nb6 15. cxd5 Nxd5 16. Rf3 Qc7 17. Rc1 Bd7 18. e4 Nf6 19. d5 Nd4 20. Rxc7 Nxb3
21. Nxd7 Nxd7 22. dxe6 Nd4 23. exf7+ Kxf7 24. Rxd7+
1-0

[Event "POR LA PAZ EN EL MUNDO"]
[Site "SchemingMind.com"]
[Date "2015.12.03"]
[Round "-"]
[White "chesshub"]
[Black "Dinomat"]
[Result "1/2-1/2"]
[WhiteCountry "FRA"]
[BlackCountry "GER"]
[WhiteElo "2548"]
[WhiteRD "75"]
[BlackElo "2497"]
[BlackRD "108"]
[GameID "391299"]

1. d4 Nf6 2. c4 e6 3. Nf3 b6 4. g3 Ba6 5. b3 d5 6. Bg2 Bb4+ 7. Bd2 Be7 8. cxd5 Nxd5 9. Nc3 O-O 10. O-O Nd7
11. Nxd5 exd5 12. Rc1 Re8 13. Re1 Bb7 14. b4 Bd6 15. Qb3 Nf6 16. Bg5 Qe7 17. Rc2 c6 18. Bh3 Rad8 19. Nh4 g6 20. Qf3 Kg7
21. e4 dxe4 22. Rxe4 Nxe4 23. Bxe7 Rxe7 24. Qb3 c5 25. bxc5 bxc5 26. Qb2 c4 27. f3 Ng5 28. Bf1 Nxf3+ 29. Nxf3 Bxf3 30. Bxc4 Rb8
31. Bb3 a5 32. Qc3 Be4 33. Rb2 Rbb7 34. Qxa5 Bb4 35. Qa4 Bc3 36. Re2 Rb4 37. Rxe4 Rxa4 38. Rxe7 Bxd4+ 39. Kg2 Ra7 40. Rxa7=
1/2-1/2

[Event "POR LA PAZ EN EL MUNDO"]
[Site "SchemingMind.com"]
[Date "2015.12.04"]
[Round "-"]
[White "Dinomat"]
[Black "chesshub"]
[Result "1/2-1/2"]
[WhiteCountry "GER"]
[BlackCountry "FRA"]
[WhiteElo "2497"]
[WhiteRD "108"]
[BlackElo "2548"]
[BlackRD "75"]
[GameID "391300"]

1. e4 c5 2. Nf3 d6 3. d4 cxd4 4. Nxd4 Nf6 5. Nc3 a6 6. Bg5 e6 7. Qf3 Nbd7 8. Be2 Qc7 9. O-O b5 10. b4 Be7
11. a4 bxa4 12. Rxa4 O-O 13. b5 Nc5 14. Rc4 Nfd7 15. Bxe7 Ne5 16. Qg3 Qxe7 17. Rb4 axb5 18. Ndxb5 Ba6 19. Rd4 Rfd8 20. Qe3 Nb7
21. Rfd1 Nc6 22. R4d2 h6 23. h3 Nca5 24. Qg3 Rac8 25. Nxd6 Rxd6 26. Rxd6 Nxd6 27. Bxa6 Ndb7 28. Rd3 Rc5 29. Qb8+ Qf8 30. Qa7 Qc8
31. Nb5 Rxc2 32. e5 Qc5 33. Bxb7 Nxb7 34. Qxb7 Qxf2+ 35. Kh2 Qf4+ 36. Rg3 h5 37. Qa8+ Kh7 38. Qf3 Qxe5 39. Qd3+ g6 40. Nd4 Rc5
41. Qe3 Qc7 42. Nf3 Kg8 43. Qh6 Rc3 44. Qg5 Rc5 45. Qe3 Rd5 46. Qh6 Rd3=
1/2-1/2

[Event "POR LA PAZ EN EL MUNDO"]
[Site "SchemingMind.com"]
[Date "2015.12.24"]
[Round "-"]
[White "LaykovD"]
[Black "private napoleon"]
[Result "1-0"]
[WhiteCountry "RUS"]
[BlackCountry "ENG"]
[WhiteElo "2201"]
[WhiteRD "184"]
[BlackElo "1654"]
[BlackRD "78"]
[GameID "392155"]

1. Nf3 g6 2. e4 Bg7 3. Nc3 e5 4. Bc4 Ne7 5. d3 O-O 6. h4 d6 7. Bg5 c6 8. h5 Bg4 9. hxg6 hxg6 10. Rh4 Qd7
11. Rxg4 Qxg4 12. Bxe7 Re8 13. Bxf7+ Kxf7 14. Ng5+ Qxg5 15. Bxg5 Rh8 16. Qf3+ Ke6 17. Nd5
1-0

[Event "POR LA PAZ EN EL MUNDO"]
[Site "SchemingMind.com"]
[Date "2015.12.24"]
[Round "-"]
[White "private napoleon"]
[Black "LaykovD"]
[Result "0-1"]
[WhiteCountry "ENG"]
[BlackCountry "RUS"]
[WhiteElo "1699"]
[WhiteRD "77"]
[BlackElo "2289"]
[BlackRD "164"]
[GameID "392156"]

1. e4 e5 2. Nc3 Nf6 3. Bc4 Nc6 4. d3 Na5 5. Nf3 Nxc4 6. dxc4 Bb4 7. Bg5 Bxc3+ 8. bxc3 O-O 9. O-O d6 10. h3 b6
11. Nh2 h6 12. Bxf6 Qxf6 13. Qd2 Qg6 14. Qd3 f5 15. f3 fxe4 16. fxe4 Bb7 17. Rfe1 Rf4 18. Re2 Bxe4 19. Rxe4 Qxe4 20. Qd5+ Qxd5
21. cxd5 Raf8 22. Nf3 Rc4
0-1

[Event "POR LA PAZ EN EL MUNDO"]
[Site "SchemingMind.com"]
[Date "2015.12.22"]
[Round "-"]
[White "Apatchenlama"]
[Black "clare1347"]
[Result "0-1"]
[WhiteCountry "GER"]
[BlackCountry "ENG"]
[WhiteElo "1911"]
[WhiteRD "78"]
[BlackElo "2281"]
[BlackRD "83"]
[GameID "392347"]

1. d4 d5 2. c4 dxc4 3. e3 e5 4. Bxc4 exd4 5. exd4 Nf6 6. Nf3 Bb4+ 7. Nc3 O-O 8. O-O Nc6 9. h3 h6 10. Be3 Bd6
11. Qc2 Na5 12. Bd3 Be6 13. Nb5 Nd5 14. Bd2 Nc6 15. Nxd6 cxd6 16. a3 Rc8 17. Qd1 Qf6 18. Be3 Nce7 19. Nd2 Bf5 20. Ne4 Qg6
21. Qf3 Nxe3 22. Qxe3 Rfe8 23. Rfe1 d5 24. Nc5 b6 25. Bxf5 Qxf5 26. Nd3 Nc6 27. Qxe8+ Rxe8 28. Rxe8+ Kh7 29. Nb4 Nxd4 30. Rd1 Ne6
31. Re7 Nf4 32. Re3 Qg6 33. g4 Nxh3+
0-1

[Event "POR LA PAZ EN EL MUNDO"]
[Site "SchemingMind.com"]
[Date "2015.12.22"]
[Round "-"]
[White "clare1347"]
[Black "Apatchenlama"]
[Result "1-0"]
[WhiteCountry "ENG"]
[BlackCountry "GER"]
[WhiteElo "2281"]
[WhiteRD "83"]
[BlackElo "1911"]
[BlackRD "78"]
[GameID "392348"]

1. d4 Nf6 2. Nf3 d5 3. c4 c6 4. Nc3 dxc4 5. a4 Bf5 6. Ne5 Nbd7 7. Nxc4 a5 8. g3 Nb6 9. Ne5 Nfd7 10. Nxd7 Qxd7
11. e4 Bg4 12. f3 Bh5 13. g4 Bg6 14. Be3 Nc8 15. f4 f6 16. f5 Bf7 17. d5 Nd6 18. Qd4 g6 19. Be2 gxf5 20. gxf5 h5
21. Rf1 Bh6 22. Bxh6 Rxh6 23. Qe3 Rh8 24. Rd1 Kf8 25. e5 fxe5 26. Qxe5 Rh6 27. dxc6 bxc6 28. Qf4 Rh7 29. Ne4 Qb7 30. Nxd6 exd6
31. Qxd6+ Ke8 32. Rd4 Bd5 33. Rxd5 cxd5 34. Rg1 Ra6 35. Rg8+ Kf7 36. Qf8#
1-0

[Event "POR LA PAZ EN EL MUNDO"]
[Site "SchemingMind.com"]
[Date "2016.01.18"]
[Round "-"]
[White "NovikovE"]
[Black "KrugM"]
[Result "1-0"]
[WhiteCountry "RUS"]
[BlackCountry "RUS"]
[WhiteElo "2225"]
[WhiteRD "103"]
[BlackElo "2016"]
[BlackRD "166"]
[GameID "393730"]

1. g3 e5 2. c4 Nc6 3. Nc3 Nf6 4. Nf3 d5 5. cxd5 Nxd5 6. Bg2 Nxc3 7. bxc3 Be7 8. Qc2 O-O 9. Rb1 Bf6 10. O-O Re8
11. d3 Rb8 12. Nd2 Bd7 13. Rd1 Bg5 14. h4 Bf6 15. Ne4 b6 16. Be3 Be7 17. d4 exd4 18. Ng5 g6 19. cxd4 Na5 20. Bd5 Rf8
21. Be4 Bf6 22. Bd3 Re8 23. Ne4 Be7 24. Bh6 Bf5 25. d5 Qxd5 26. Qc3 f6 27. Nxf6+ Bxf6 28. Qxf6 Qf7 29. Qxf7+ Kxf7 30. Bxf5 gxf5
31. Bg5 Ke6 32. Rd3 Nb7 33. Rbd1 Nd6 34. Bf4
1-0

[Event "POR LA PAZ EN EL MUNDO"]
[Site "SchemingMind.com"]
[Date "2016.01.18"]
[Round "-"]
[White "KrugM"]
[Black "NovikovE"]
[Result "1/2-1/2"]
[WhiteCountry "RUS"]
[BlackCountry "RUS"]
[WhiteElo "2016"]
[WhiteRD "166"]
[BlackElo "2225"]
[BlackRD "103"]
[GameID "393731"]

1. c4 e6 2. d4 c5 3. d5 Nf6 4. Nf3 exd5 5. cxd5 Bd6 6. g3 O-O 7. Bg2 Bc7 8. a3 Re8 9. Nc3 d6 10. O-O Nbd7
11. Re1 a6 12. Qc2 Rb8 13. a4 b5 14. axb5 axb5 15. e4 b4 16. Nb1 b3 17. Qd3 Rb4 18. Nc3 h6 19. Bd2 Nb6 20. Bf4 Nc4
21. Nd2 Nxb2 22. Qb1 g5 23. Be3 Nc4 24. Nxc4 Rxc4 25. Qxb3 Rb4 26. Qc2 Ng4 27. Bd2 Qf6 28. Rf1 Qd4 29. Ra7 Bb6 30. Raa1 Qxc3
31. Bxc3 Rc4 32. Ba5 Rxc2 33. Bxb6 f5 34. exf5 Bxf5=
1/2-1/2

[Event "POR LA PAZ EN EL MUNDO"]
[Site "SchemingMind.com"]
[Date "2016.01.19"]
[Round "-"]
[White "DrozdM"]
[Black "David Perna-Fraser"]
[Result "1-0"]
[WhiteCountry "RUS"]
[BlackCountry "CAN"]
[WhiteElo "2307"]
[WhiteRD "119"]
[BlackElo "2357"]
[BlackRD "68"]
[GameID "393793"]

1. e4 e5 2. Nf3 Nf6 3. Nxe5 d6 4. Nf3 Nxe4 5. d4 d5 6. Bd3 Bd6 7. O-O O-O 8. Re1 Re8 9. c4 c6 10. Nc3 Nxc3
11. bxc3 Rxe1+ 12. Qxe1 h6 13. c5 Bc7 14. Qe3 Nd7 15. Bd2 Nf6 16. a4 Be6 17. Ne5 Ng4 18. Nxg4 Bxg4 19. Bc2 Qh4 20. g3 Qh3
21. Qd3 g6 22. Qe3 Kg7 23. Rb1 Rb8 24. c4 Be6 25. cxd5 Bxd5 26. Be4 Bxe4 27. Qxe4 Qe6 28. Qxe6 fxe6 29. Re1 Re8 30. Rb1 Rb8
31. Bc3 Kf7 32. a5 a6 33. h4 g5 34. h5 Ke7 35. Kf1 Kd7 36. Ke2 Bd8 37. Bd2 Bf6 38. f4 g4 39. Kd3 Kc7 40. f5 Rd8
41. Bf4+ e5 42. Be3 Kc8 43. Bxh6 Rxd4+ 44. Ke2 Rc4 45. Bd2 Rxc5 46. h6 e4 47. Rf1 Kd7 48. h7 Ke8 49. Rh1 Bh8 50. Rh4 Rxf5
51. Rxg4 Kf7 52. Rg8 Bd4 53. h8=Q Bxh8 54. Rxh8 Rf3 55. Rh7+ Ke6 56. Bf4 Ra3 57. Rxb7 Rxa5 58. g4 Ra2+ 59. Ke3 Rg2 60. g5 Kd5
61. Ra7 Ra2 62. Rd7+ Ke6 63. Rd6+ Kf5 64. Rf6+ Kg4 65. g6 Ra3+ 66. Ke2 Ra2+ 67. Bd2
1-0

[Event "POR LA PAZ EN EL MUNDO"]
[Site "SchemingMind.com"]
[Date "2016.01.19"]
[Round "-"]
[White "David Perna-Fraser"]
[Black "DrozdM"]
[Result "0-1"]
[WhiteCountry "CAN"]
[BlackCountry "RUS"]
[WhiteElo "2351"]
[WhiteRD "67"]
[BlackElo "2250"]
[BlackRD "129"]
[GameID "393794"]

1. e4 e5 2. Nf3 Nf6 3. Nxe5 d6 4. Nf3 Nxe4 5. Nc3 Nxc3 6. dxc3 Be7 7. Bf4 O-O 8. Qd2 Nd7 9. O-O-O Nc5 10. h4 b6
11. h5 h6 12. Nd4 Bb7 13. Bb5 Qc8 14. f3 a6 15. Bc6 Bxc6 16. Nxc6 Qd7 17. Nb4 Rae8 18. Rh3 Bd8 19. Rg3 Kh7 20. c4 Re6
21. Kb1 Rfe8 22. Nd5 c6 23. Ne3 Bf6 24. Ng4 Bh4 25. Rh3 Qd8 26. g3 Bg5 27. Bxg5 Qxg5 28. Qxg5 hxg5 29. Rhh1 b5 30. cxb5 axb5
31. Nf2 d5 32. b3 Re3 33. Nd3 Nxd3 34. Rxd3 Rxd3 35. cxd3 b4 36. d4 Re3 37. Rf1 Rd3 38. a4 bxa3 39. Ka2 Rxd4 40. Kxa3 Kh6
41. g4 f5 42. Rc1 fxg4 43. fxg4 Rxg4
0-1

[Event "POR LA PAZ EN EL MUNDO"]
[Site "SchemingMind.com"]
[Date "2016.01.27"]
[Round "-"]
[White "MazetaFighter"]
[Black "Brian Pott"]
[Result "1/2-1/2"]
[WhiteCountry "GRE"]
[BlackCountry "AUS"]
[WhiteElo "1959"]
[WhiteRD "94"]
[BlackElo "2229"]
[BlackRD "84"]
[GameID "394472"]

1. e4 e5 2. Nf3 Nc6 3. Bb5 a6 4. Ba4 Nf6 5. O-O Nxe4 6. d4 b5 7. Bb3 d5 8. dxe5 Be6 9. Nbd2 Nc5 10. c3 Be7
11. Bc2 O-O 12. Nb3 Ne4 13. Nbd4 Nxd4 14. Nxd4 Bd7 15. Re1 Re8 16. Bf4 Qc8 17. h3 Nc5 18. Qf3 c6 19. Qg3 Bf8 20. Bh6 Ne4
21. Bxe4 dxe4 22. Bf4 c5 23. Nb3 Bf5 24. Nd2 Qc6 25. Qe3 f6 26. Nxe4 fxe5 27. Bg5 Ra7 28. Rad1 Be6 29. Qf3 Kh8 30. b3 Rf7
31. Qe2 Ra7 32. f3 c4 33. bxc4 Bxc4 34. Qf2 Rf7 35. Be3 Bd5 36. Ng5 Rf6 37. Qc2 Bg8 38. Ne4=
1/2-1/2

[Event "POR LA PAZ EN EL MUNDO"]
[Site "SchemingMind.com"]
[Date "2016.01.26"]
[Round "-"]
[White "Brian Pott"]
[Black "MazetaFighter"]
[Result "1-0"]
[WhiteCountry "AUS"]
[BlackCountry "GRE"]
[WhiteElo "2216"]
[WhiteRD "82"]
[BlackElo "1967"]
[BlackRD "90"]
[GameID "394473"]

1. e4 e5 2. Nf3 Nc6 3. Bc4 Bc5 4. b4 Bxb4 5. c3 Ba5 6. Qb3 Qe7 7. d4 Nf6 8. O-O O-O 9. d5 Nb8 10. Qc2 d6
11. h3 Bd7 12. Nbd2 c6 13. Rb1 b5 14. dxc6 bxc4 15. cxd7 Qxd7 16. Nxc4 Nc6 17. Ba3 Bc7 18. Rfd1 Rab8 19. Rbc1 Rfd8 20. Nxd6 Qe6
21. Ng5
1-0

[Event "POR LA PAZ EN EL MUNDO"]
[Site "SchemingMind.com"]
[Date "2016.03.20"]
[Round "-"]
[White "Ramesh Panwar"]
[Black "Dinomat"]
[Result "1/2-1/2"]
[WhiteCountry "IND"]
[BlackCountry "GER"]
[WhiteElo "2440"]
[WhiteRD "77"]
[BlackElo "2486"]
[BlackRD "108"]
[GameID "396937"]

1. e4 c5 2. Nf3 Nc6 3. d4 cxd4 4. Nxd4 Nf6 5. Nc3 e5 6. Ndb5 d6 7. Bg5 a6 8. Na3 b5 9. Bxf6 gxf6 10. Nd5 f5
11. Bd3 Be6 12. c3 Bg7 13. Qh5 O-O 14. exf5 Bxd5 15. f6 e4 16. fxg7 Re8 17. Be2 Re5 18. Qh6 Qg5 19. Qxg5 Rxg5 20. Nc2 Rd8
21. h4 Rxg7 22. Ne3 Be6 23. a4 f5 24. axb5 axb5 25. Bxb5 Ne5 26. Nc2 Rb8 27. Nd4 Rxg2 28. Bf1 Rg6 29. h5 Rf6 30. b4 Kf8
31. Be2=
1/2-1/2

[Event "POR LA PAZ EN EL MUNDO"]
[Site "SchemingMind.com"]
[Date "2016.03.20"]
[Round "-"]
[White "Dinomat"]
[Black "Ramesh Panwar"]
[Result "1/2-1/2"]
[WhiteCountry "GER"]
[BlackCountry "IND"]
[WhiteElo "2486"]
[WhiteRD "108"]
[BlackElo "2440"]
[BlackRD "77"]
[GameID "396938"]

1. Nf3 Nf6 2. c4 c5 3. Nc3 e6 4. g3 Be7 5. Bg2 O-O 6. d4 d5 7. cxd5 Nxd5 8. O-O Nc6 9. e4 Nxc3 10. bxc3 cxd4
11. cxd4 b6 12. d5 exd5 13. exd5 Nb4 14. Ne5 Bb7 15. Nc6 Bxc6 16. dxc6 Qxd1 17. Rxd1 Rac8 18. Rd7 Nxc6 19. Be3 Bc5 20. Bxc5 bxc5
21. Rc1 Nd4=
1/2-1/2

[Event "POR LA PAZ EN EL MUNDO"]
[Site "SchemingMind.com"]
[Date "2016.05.05"]
[Round "-"]
[White "NovikovE"]
[Black "frankly"]
[Result "1/2-1/2"]
[WhiteCountry "RUS"]
[BlackCountry "ENG"]
[WhiteElo "2236"]
[WhiteRD "110"]
[BlackElo "2469"]
[BlackRD "61"]
[GameID "398716"]

1. e4 e5 2. Nf3 Nc6 3. Bb5 a6 4. Ba4 Nf6 5. d4 exd4 6. O-O Be7 7. e5 Ne4 8. Re1 Nc5 9. Bxc6 dxc6 10. Nxd4 O-O
11. Nc3 f5 12. Nce2 Ne6 13. Qd3 Qd5 14. Nxf5 Bc5 15. Qxd5 cxd5 16. Ne3 Bd7 17. Nd1 Bb6 18. b3 Rad8 19. a4 Bc6 20. Bd2 Be8
21. Ra2 Bh5 22. h3 Ba7 23. a5 h6 24. Kf1 Be8 25. Kg1 Bg6 26. b4 Rde8 27. c3 c5 28. Rb2 Rf7 29. bxc5 Nxc5 30. Nf4 Be4
31. Be3 g5 32. Nh5 Rxe5 33. Bd4 Nd3 34. Bxe5 Nxe1 35. Nf6+ Kf8 36. Nxe4 dxe4 37. Bd4 Bxd4 38. cxd4 Nd3 39. Rb6 Rd7 40. Rxh6 Rxd4
41. Rb6 Ra4 42. Nc3 Rc4 43. Ne2 Ra4 44. Rxb7 Ra1+ 45. Kh2=
1/2-1/2

[Event "POR LA PAZ EN EL MUNDO"]
[Site "SchemingMind.com"]
[Date "2016.05.05"]
[Round "-"]
[White "frankly"]
[Black "NovikovE"]
[Result "1-0"]
[WhiteCountry "ENG"]
[BlackCountry "RUS"]
[WhiteElo "2469"]
[WhiteRD "61"]
[BlackElo "2236"]
[BlackRD "110"]
[GameID "398717"]

1. e4 c5 2. Nf3 d6 3. d4 cxd4 4. Nxd4 Nf6 5. Nc3 Nc6 6. Bg5 e6 7. Qd2 Be7 8. O-O-O O-O 9. f4 h6 10. Bh4 Nxd4
11. Qxd4 a6 12. g4 Qc7 13. g5 Nh5 14. Kb1 Nxf4 15. gxh6 e5 16. Qg1 g6 17. Bg3 Bg5 18. Bxf4 Bxf4 19. Nd5 Qc5 20. Qg2 Bxh6
21. h4 Be6 22. h5 g5 23. Be2 Kg7 24. Rhf1 Rac8 25. c3 Rcd8 26. Bg4 Qc8 27. Ne3 Qd7 28. Nf5+ Bxf5 29. Rxf5 Qe7 30. Qh3 b5
31. Qd3 Qc7 32. Qe3 Qc6 33. Rd5 Qc4 34. a3 f6 35. Rf2 Kh8 36. Rfd2 Qc7 37. R2d3 Rf7 38. Bf5 a5 39. Rxb5 Rb8 40. Rdd5 Rxb5
41. Rxb5 Qc4 42. Rxa5 Rb7 43. Qf3 Qb3 44. Ra8+
1-0

[Event "POR LA PAZ EN EL MUNDO"]
[Site "SchemingMind.com"]
[Date "2016.05.08"]
[Round "-"]
[White "LaykovD"]
[Black "Brian Pott"]
[Result "1/2-1/2"]
[WhiteCountry "RUS"]
[BlackCountry "AUS"]
[WhiteElo "2275"]
[WhiteRD "131"]
[BlackElo "2255"]
[BlackRD "82"]
[GameID "398841"]

1. e4 e5 2. Nf3 Nc6 3. Bb5 a6 4. Ba4 Nf6 5. O-O Be7 6. d3 b5 7. Bb3 d6 8. h3 Na5 9. Bd2 Nxb3 10. axb3 O-O
11. Ba5 Qd7 12. b4 Re8 13. Nc3 h6 14. Qd2 Bb7 15. Rfe1 Bf8 16. Rad1 Rac8 17. d4 exd4 18. Qxd4 Re7 19. Nd2 c5 20. bxc5 dxc5
21. Qxd7 Nxd7 22. Nf1 Ne5 23. Ne3 Nc6 24. Bb6 Nb4 25. f3 Re6 26. Ba5 Nc6 27. Bb6 Nd4 28. Ba5 Be7 29. Ne2 Bh4 30. Nxd4 cxd4
31. Rxd4 Bxe1 32. Bxe1 Bc6 33. Nf5 Kh7 34. Ba5 g6 35. Nd6 Rf8 36. g4 Kg7 37. Kf2 Ra8 38. Rd3 f6 39. b3 Rf8 40. h4=
1/2-1/2

[Event "POR LA PAZ EN EL MUNDO"]
[Site "SchemingMind.com"]
[Date "2016.05.08"]
[Round "-"]
[White "Brian Pott"]
[Black "LaykovD"]
[Result "1/2-1/2"]
[WhiteCountry "AUS"]
[BlackCountry "RUS"]
[WhiteElo "2248"]
[WhiteRD "89"]
[BlackElo "2279"]
[BlackRD "136"]
[GameID "398842"]

1. e4 c5 2. Nf3 d6 3. d4 cxd4 4. Nxd4 Nf6 5. Nc3 e5 6. Bb5+ Bd7 7. Bxd7+ Qxd7 8. Nde2 Qg4 9. Qd3 Qxg2 10. Rg1 Qxh2
11. Nb5 Na6 12. Bg5 Nc5 13. Qc4 Ncxe4 14. O-O-O Nxg5 15. Rxg5 Rd8 16. Ng3 Be7 17. Rxe5 dxe5 18. Rxd8+ Bxd8 19. Nd6+ Kd7 20. Qc8+ Kxd6
21. Nf5+ Kd5 22. Qxb7+ Ke6 23. Nxg7+ Kd6 24. Nf5+ Ke6 25. Ng7+=
1/2-1/2

[Event "POR LA PAZ EN EL MUNDO"]
[Site "SchemingMind.com"]
[Date "2016.07.23"]
[Round "-"]
[White "DrozdM"]
[Black "clare1347"]
[Result "1/2-1/2"]
[WhiteCountry "RUS"]
[BlackCountry "ENG"]
[WhiteElo "2294"]
[WhiteRD "121"]
[BlackElo "2244"]
[BlackRD "87"]
[GameID "401640"]

1. e4 e5 2. Nf3 Nc6 3. d4 exd4 4. Nxd4 Bc5 5. Be3 Qf6 6. c3 Nge7 7. Bc4 Ne5 8. Be2 Qg6 9. O-O d6 10. f4 Qxe4
11. Bf2 Bxd4 12. cxd4 N5g6 13. g3 Bh3 14. Bf3 Qf5 15. Re1 d5 16. Nc3 c6 17. Rc1 O-O 18. b4 a6 19. Na4 a5 20. a3 axb4
21. axb4 Rfd8 22. Nc5 b6 23. Na4 Rab8 24. b5 cxb5 25. Nc3 Qd7 26. Qb3 Rbc8 27. Nxb5 Be6 28. Nc3 Bg4 29. Bg2 Rc6 30. Bf1 Qc8
31. Qb2=
1/2-1/2

[Event "POR LA PAZ EN EL MUNDO"]
[Site "SchemingMind.com"]
[Date "2016.07.23"]
[Round "-"]
[White "clare1347"]
[Black "DrozdM"]
[Result "1/2-1/2"]
[WhiteCountry "ENG"]
[BlackCountry "RUS"]
[WhiteElo "2244"]
[WhiteRD "87"]
[BlackElo "2294"]
[BlackRD "121"]
[GameID "401641"]

1. d4 Nf6 2. c4 e6 3. Nf3 b6 4. Nc3 Bb7 5. a3 d5 6. cxd5 Nxd5 7. Qc2 Nxc3 8. bxc3 c5 9. e4 Nd7 10. Bf4 cxd4
11. cxd4 Rc8 12. Qb3 Be7 13. Bd3 O-O 14. O-O g5 15. Be3 g4 16. Nd2 e5 17. Bh6 exd4 18. Bb5 Rc5 19. Bxf8 Bxf8 20. Rac1 Bh6
21. Bxd7 Qxd7 22. Qd3 Qc6 23. Rcd1 Bg7 24. Qg3 h5 25. f3 Ba6 26. Rfe1 Qd7 27. fxg4 Be5 28. Qf2 hxg4 29. Nb3 Rc4 30. Qf5 Qe6
31. Qg5+=
1/2-1/2

[Event "POR LA PAZ EN EL MUNDO"]
[Site "SchemingMind.com"]
[Date "2016.08.25"]
[Round "-"]
[White "frankly"]
[Black "Brian Pott"]
[Result "1-0"]
[WhiteCountry "ENG"]
[BlackCountry "AUS"]
[WhiteElo "2492"]
[WhiteRD "59"]
[BlackElo "2266"]
[BlackRD "85"]
[GameID "402826"]

1. e4 e5 2. Nf3 Nc6 3. Bb5 a6 4. Ba4 Nf6 5. O-O Be7 6. Re1 b5 7. Bb3 d6 8. c3 O-O 9. h3 Na5 10. Bc2 c5
11. d4 Qc7 12. Nbd2 cxd4 13. cxd4 Nc6 14. Nb3 a5 15. Be3 a4 16. Nbd2 Bd7 17. Rc1 Qb7 18. Nf1 Rfe8 19. Ng3 Bd8 20. Qe2 h6
21. dxe5 dxe5 22. Bd3 Nb4 23. Bb1 Nc6 24. Nh4 g6 25. Bxh6 Nd4 26. Qd3 Be6 27. Nf3 Bc4 28. Qe3 Bb6 29. Nxd4 Bxd4 30. Qf3 Re6
31. Rc2 Ne8 32. Qg4 Nf6 33. Qh4 Ne8 34. Ne2 Bc5 35. Nc3 Rc8 36. Kh2 Nf6 37. Rd1 Bd4 38. Rdc1 Rce8 39. Rd2 Qa7 40. a3 Qa8
41. Ne2 Bc5 42. Ng3 Rd8 43. Rxd8+ Qxd8 44. Nf5 Qb6 45. Rc2 Ne8 46. Ne3 Bb3 47. Rc3 b4 48. axb4 Qxb4 49. Bg5 Bxe3 50. Bxe3 Bc4
51. Bc1 Nd6 52. Bc2 Bb5 53. f3 Bc4 54. Qg5 Re8 55. Bd2 Qb5 56. h4 Re6 57. h5 Qe8 58. Qh4 Qb5 59. f4 exf4 60. Bxf4 Ne8
61. hxg6 Rxg6 62. e5
1-0

[Event "POR LA PAZ EN EL MUNDO"]
[Site "SchemingMind.com"]
[Date "2016.08.24"]
[Round "-"]
[White "Brian Pott"]
[Black "frankly"]
[Result "1/2-1/2"]
[WhiteCountry "AUS"]
[BlackCountry "ENG"]
[WhiteElo "2266"]
[WhiteRD "85"]
[BlackElo "2492"]
[BlackRD "59"]
[GameID "402827"]

1. e4 c5 2. Nf3 Nc6 3. d4 cxd4 4. Nxd4 Nf6 5. Nc3 e5 6. Ndb5 d6 7. Bg5 a6 8. Na3 b5 9. Nd5 Be7 10. Nxe7 Nxe7
11. Bxf6 gxf6 12. c4 Bb7 13. Bd3 Rg8 14. cxb5 Rxg2 15. bxa6 Bxa6 16. Bxa6 Rxa6 17. Qe2 Qc8 18. Nc4 Rg6 19. O-O-O f5 20. exf5 Nxf5
21. Kb1 Qa8 22. Rhe1 Rxa2 23. Na3 Rxa3 24. bxa3 Qxa3 25. Qb5+ Kf8 26. Rd3 Qa8 27. f4 Nd4 28. Qb2 Qc8 29. fxe5 dxe5 30. Rf1 Kg7
31. Rg3 Qe6 32. Qb7 Rxg3 33. hxg3 Qg6+ 34. Ka1 Nc2+ 35. Kb2 Ne3 36. Rf3 Nc4+ 37. Ka1 e4 38. Rf4 Qh5 39. Qb4 Qd1+ 40. Ka2 Qd5
41. Rg4+ Kf6 42. Rf4+ Ke6 43. Kb3 Nd6+ 44. Kb2 h5 45. Qc3 Nf5 46. Kc1 Nd4 47. Rf2 Nf3 48. Qc8+ Kf6 49. Qh8+ Ke7 50. Rc2 Qg5+
51. Kb1 Qxg3 52. Qxh5 Qg1+ 53. Kb2 Qd4+ 54. Kb1 Qd1+ 55. Kb2 Qd6 56. Rc4 Qf6+ 57. Ka3 Ne5 58. Rb4 Qd6 59. Qh4+ Kd7 60. Kb3 Qd3+=
1/2-1/2

[Event "POR LA PAZ EN EL MUNDO"]
[Site "SchemingMind.com"]
[Date "2016.12.14"]
[Round "-"]
[White "frankly"]
[Black "clare1347"]
[Result "1/2-1/2"]
[WhiteCountry "ENG"]
[BlackCountry "ENG"]
[WhiteElo "2504"]
[WhiteRD "58"]
[BlackElo "2248"]
[BlackRD "84"]
[GameID "407934"]

1. d4 Nf6 2. c4 e6 3. Nf3 b6 4. a3 Bb7 5. Nc3 d5 6. cxd5 Nxd5 7. Qc2 Nxc3 8. bxc3 c5 9. e4 Nd7 10. Bf4 Rc8
11. d5 exd5 12. exd5 c4 13. d6 Bxf3 14. gxf3 Qf6 15. Qe2+ Kd8 16. Qe3 h6 17. O-O-O Rc6 18. Bh3 Bxd6 19. Bxd6 Rxd6 20. Rxd6 Qxd6
21. Rd1 Qxa3+ 22. Kb1 Qb3+ 23. Kc1=
1/2-1/2

[Event "POR LA PAZ EN EL MUNDO"]
[Site "SchemingMind.com"]
[Date "2016.12.14"]
[Round "-"]
[White "clare1347"]
[Black "frankly"]
[Result "0-1"]
[WhiteCountry "ENG"]
[BlackCountry "ENG"]
[WhiteElo "2248"]
[WhiteRD "84"]
[BlackElo "2504"]
[BlackRD "58"]
[GameID "407935"]

1. e4 c5 2. Nf3 d6 3. d4 cxd4 4. Nxd4 Nf6 5. Nc3 a6 6. Be3 e5 7. Nf3 Be7 8. Bc4 O-O 9. a3 Nbd7 10. O-O b5
11. Ba2 Bb7 12. Qd3 Rc8 13. Rfe1 Qc7 14. Nh4 g6 15. Rad1 Nc5 16. Bxc5 dxc5 17. Qg3 c4 18. Nf5 Rfd8 19. Nxe7+ Qxe7 20. f3 Nh5
21. Qf2 Nf4 22. Kf1 Kg7 23. Ne2 Ne6 24. Qe3 h5 25. a4 h4 26. Qb6 h3 27. gxh3 Qh4 28. Qf2 Qxh3+ 29. Qg2 Qh4 30. Qg4 Qxh2
0-1